|
|
|
|
| LEADER |
00000cam a2200000 7i4500 |
| 001 |
0000016481 |
| 005 |
20241028.0 |
| 008 |
060506 -uka eng |
| 020 |
|
|
|a 1405118628
|
| 040 |
|
|
|a INS
|b eng
|e rda
|
| 090 |
0 |
0 |
|a HD1390
|b .E93 2004
|
| 100 |
1 |
|
|a Evans, Alan W. ,
|e author
|
| 245 |
1 |
0 |
|a Economics, real estate and the supply of land
|c Alan W. Evans
|
| 264 |
|
1 |
|a Oxford :
|b Blackwell Publishing
|c 2004
|
| 300 |
|
|
|a xiv, 258 pages :
|b illustrations ;
|c 25 cm.
|
| 336 |
|
|
|a text
|2 rdacontent
|
| 337 |
|
|
|a unmediated
|2 rdamedia
|
| 338 |
|
|
|a volume
|2 rdacarrier
|
| 650 |
|
0 |
|a Economics
|
| 650 |
|
0 |
|a Land use
|x Economic aspects
|
| 650 |
|
0 |
|a Real estate development
|
| 999 |
|
|
|a 0000016282
|b BOOK
|c Open Shelf
|e Default branch
|
| 999 |
|
|
|a 0000016283
|b BOOK
|c Open Shelf
|e Default branch
|